El paraíso en la otra esquina / (Record no. 7681)
[ view plain ]
| 000 -CABECERA | |
|---|---|
| campo de control de longitud fija | 00721cam a2200241 a 4500 |
| 001 - NÚMERO DE CONTROL | |
| campo de control | 000007903 |
| 005 - FECHA Y HORA DE LA ÚLTIMA TRANSACCIÓN | |
| campo de control | 20240306164224.0 |
| 008 - DATOS DE LONGITUD FIJA--INFORMACIÓN GENERAL | |
| campo de control de longitud fija | 030723s2003 ck 000 f spa d |
| 020 ## - NÚMERO INTERNACIONAL ESTÁNDAR DEL LIBRO | |
| Número Internacional Estándar del Libro | 9587040465 |
| 040 ## - FUENTE DE LA CATALOGACIÓN | |
| Centro catalogador/agencia de origen | DO-SdBNP |
| Centro/agencia modificador | BNPHU |
| 082 ## - NÚMERO DE LA CLASIFICACIÓN DECIMAL DEWEY | |
| Número de clasificación | Pe863.44 |
| Número de documento/Ítem | V297pa |
| 049 ## - FONDOS LOCALES (OCLC) | |
| Fondos de biblioteca | BNGR |
| 100 1# - ENTRADA PRINCIPAL--NOMBRE DE PERSONA | |
| Nombre de persona | Vargas Llosa, Mario, |
| Fechas asociadas al nombre | 1936- |
| 9 (RLIN) | 12567 |
| 245 13 - MENCIÓN DE TÍTULO | |
| Título | El paraíso en la otra esquina / |
| Mención de responsabilidad, etc. | Mario Vargas Llosa. |
| 260 ## - PUBLICACIÓN, DISTRIBUCIÓN, ETC. | |
| Lugar de publicación, distribución, etc. | Bogotá : |
| Nombre del editor, distribuidor, etc. | Alfaguara, |
| Fecha de publicación, distribución, etc. | 2003. |
| 300 ## - DESCRIPCIÓN FÍSICA | |
| Extensión | 485 p. ; |
| Dimensiones | 23 cm. |
| 650 #4 - PUNTO DE ACCESO ADICIONAL DE MATERIA--TÉRMINO DE MATERIA | |
| Término de materia o nombre geográfico como elemento de entrada | Novela peruana |
| 9 (RLIN) | 12569 |
| 650 #4 - PUNTO DE ACCESO ADICIONAL DE MATERIA--TÉRMINO DE MATERIA | |
| Término de materia o nombre geográfico como elemento de entrada | Literatura peruana |
| 9 (RLIN) | 3140 |
| 600 14 - PUNTO DE ACCESO ADICIONAL DE MATERIA--NOMBRE DE PERSONA | |
| Nombre de persona | TRISTAN, FLORA, |
| Fechas asociadas al nombre | 1803-1844 |
| Subdivisión de forma | NOVELA |
| 9 (RLIN) | 21686 |
| 600 14 - PUNTO DE ACCESO ADICIONAL DE MATERIA--NOMBRE DE PERSONA | |
| Nombre de persona | GAUGUIN, PAUL, |
| Fechas asociadas al nombre | 1848-1903 |
| Subdivisión de forma | NOVELA |
| 9 (RLIN) | 21687 |
| 910 ## - DATOS DE OPCIÓN DEL USUARIO (OCLC) | |
| Datos de opción del usuario | Catalogación derivada |
| 910 ## - DATOS DE OPCIÓN DEL USUARIO (OCLC) | |
| Datos de opción del usuario | WM |
| Estado de retiro | Estado de pérdida | Restricciones de uso | No para préstamo | Código de colección | Localización permanente | Ubicación/localización actual | Ubicación en estantería | Fecha de adquisición | Número de inventario | Total de préstamos | Signatura topográfica completa | Código de barras | Fecha visto por última vez | Precio válido a partir de | Tipo de ítem Koha | Número de copia | Nota pública |
|---|---|---|---|---|---|---|---|---|---|---|---|---|---|---|---|---|---|
| Préstamo interno | Monografías: Libros y Folletos | General | General | Depósito | 11.09.2009 | LF1 | Pe863.44 V297pa | 7903-10 | 25.06.2020 | 25.06.2020 | Préstamo interno | ||||||
| Excluido de préstamo | Monografías: Libros y Folletos | General | General | Depósito | 09.07.2015 | LF1 | Pe863.44 V297pa | 7903-20 | 25.06.2020 | 25.06.2020 | No se presta | e. 2 | Perteneció a la bibliioteca personal de Chiqui Vicioso / Fidelio Despradel. |
